Bob Dylan Albums Tile Select - Statistics

General Stats
  • This quiz has been taken 91 times
  • The average score is 52 of 63
Answer Stats
Question Tile Select % Correct
the following songs that are on The Freewheelin' Bob Dylan (1963). House of the Risin' Sun No
94%
the following songs that are on Bringing It All Back Home (1965). Boots of Spanish Leather No
91%
the following songs that are on Blonde on Blonde (1966). Visions of Johanna Yes
91%
the following songs that are on Blonde on Blonde (1966). All the Tired Horses No
90%
the following songs that are on Blood on the Tracks (1975). Hurricane No
90%
the following songs that are on Blonde on Blonde (1966). I Dreamed I Saw St. Augustine No
90%
the following songs that are on Blood on the Tracks (1975). Knockin' on Heaven's Door No
90%
the following songs that are on Blood on the Tracks (1975). Tangled Up in Blue Yes
90%
the following songs that are on Highway 61 Revisited (1965). Ballad of a Thin Man Yes
88%
the following songs that are on The Freewheelin' Bob Dylan (1963). Blowin' in the Wind Yes
88%
the following songs that are on Highway 61 Revisited (1965). Desolation Row Yes
88%
the following songs that are on John Wesley Harding (1967). I Want You No
88%
the following songs that are on Bringing It All Back Home (1965). Only a Pawn in Their Game No
88%
the following songs that are on Highway 61 Revisited (1965). Can You Please Crawl Out Your Window? No
87%
the following songs that are on Bringing It All Back Home (1965). Chimes of Freedom No
87%
the following songs that are on Blonde on Blonde (1966). If You Gotta Go, Go Now No
87%
the following songs that are on Highway 61 Revisited (1965). Just Like a Woman No
87%
the following songs that are on Highway 61 Revisited (1965). Like a Rolling Stone Yes
87%
the following songs that are on Bringing It All Back Home (1965). Subterranean Homesick Blues Yes
87%
the following songs that are on Blood on the Tracks (1975). Gotta Serve Somebody No
86%
the following songs that are on Bringing It All Back Home (1965). Maggie's Farm Yes
86%
the following songs that are on Blonde on Blonde (1966). Rainy Day Women #12 & 35 Yes
86%
the following songs that are on Blood on the Tracks (1975). Shelter from the Storm Yes
86%
the following songs that are on Blood on the Tracks (1975). Simple Twist of Fate Yes
86%
the following songs that are on Blonde on Blonde (1966). Tombstone Blues No
86%
the following songs that are on The Freewheelin' Bob Dylan (1963). A Hard Rain's a-Gonna Fall Yes
85%
the following songs that are on Blood on the Tracks (1975). Buckets of Rain Yes
85%
the following songs that are on The Freewheelin' Bob Dylan (1963). Girl from the North Country Yes
85%
the following songs that are on The Freewheelin' Bob Dylan (1963). It Ain't Me Babe No
85%
the following songs that are on Nashville Skyline (1969). Lay Lady Lay Yes
85%
the following songs that are on Blonde on Blonde (1966). Sad Eyed Lady of the Lowlands Yes
85%
the following songs that are on The Freewheelin' Bob Dylan (1963). The Times They Are a-Changin' No
85%
the following songs that are on The Freewheelin' Bob Dylan (1963). With God on Our Side No
85%
the following songs that are on John Wesley Harding (1967). All Along the Watchtower Yes
83%
the following songs that are on Blood on the Tracks (1975). Forever Young No
83%
the following songs that are on John Wesley Harding (1967). It's All Over Now, Baby Blue No
83%
the following songs that are on Bringing It All Back Home (1965). It's Alright, Ma (I'm Only Bleeding) Yes
83%
the following songs that are on Blonde on Blonde (1966). Leopard-Skin Pill-Box Hat Yes
83%
the following songs that are on The Freewheelin' Bob Dylan (1963). Masters of War Yes
83%
the following songs that are on Bringing It All Back Home (1965). Mr. Tambourine Man Yes
83%
the following songs that are on Highway 61 Revisited (1965). Positively 4th Street No
83%
the following songs that are on Nashville Skyline (1969). One of Us Must Know (Sooner or Later) No
82%
the following songs that are on Blonde on Blonde (1966). Stuck Inside of Mobile with the Memphis Blues Again Yes
82%
the following songs that are on John Wesley Harding (1967). The Man in Me No
82%
the following songs that are on Nashville Skyline (1969). The Wicked Messenger No
82%
the following songs that are on John Wesley Harding (1967). I Pity the Poor Immigrant Yes
81%
the following songs that are on Highway 61 Revisited (1965). It Takes a Lot to Laugh, It Takes a Train to Cry Yes
81%
the following songs that are on Nashville Skyline (1969). Wigwam No
79%
the following songs that are on Highway 61 Revisited (1965). From a Buick 6 Yes
78%
the following songs that are on Nashville Skyline (1969). Tonight I'll Be Staying Here with You Yes
78%
the following songs that are on Highway 61 Revisited (1965). Outlaw Blues No
77%
the following songs that are on John Wesley Harding (1967). The Ballad of Frankie Lee and Judas Priest Yes
76%
the following songs that are on John Wesley Harding (1967). I Threw It All Away No
74%
the following songs that are on Blood on the Tracks (1975). Meet Me in the Morning Yes
74%
the following songs that are on Bringing It All Back Home (1965). Gates of Eden Yes
73%
the following songs that are on Nashville Skyline (1969). To Be Alone with You Yes
73%
the following songs that are on Nashville Skyline (1969). Down Along the Cove No
72%
the following songs that are on The Freewheelin' Bob Dylan (1963). Corrina, Corrina Yes
69%
the following songs that are on John Wesley Harding (1967). Dear Landlord Yes
69%
the following songs that are on John Wesley Harding (1967). Drifter's Escape Yes
67%
the following songs that are on Nashville Skyline (1969). If Not for You No
67%
the following songs that are on Bringing It All Back Home (1965). She Belongs to Me Yes
67%
the following songs that are on Nashville Skyline (1969). Tell Me That It Isn't True Yes
59%
No matching quizzes found
Score Distribution
Percent of People with Each Score
Percentile by Number Answered
Your Score History
You have not taken this quiz